MDQL
is popping MORE tags! Check the
thread
!
Quizzes
Events
Quiz Creation
Community
Videos
Private Events
Remove Ads
Sign In
Join for FREE
Feedback
Dark Mode
Quiz Categories
Sports
Geography
Music
Movies
Television
Just For Fun
Miscellaneous
History
Literature
Language
Science
Gaming
Entertainment
Religion
Holiday
For Kids
Quiz Lab
Recent
Popular Today
Quiz Kudos Today
Editor Picks
Curator Picks
Quizzes by...
Day
Popularity
Type
Ratings
Length
Year
Community
Subscriptions
Recent Discussions
Orange Saloon
Badges
Playlists
Quests
Create
Leaderboards
Showdown
Live 5
Trivia Bingo
Activity
Puzzle Library
Sporcle Events
Private Events
Virtual Trivia
Globe League
Become a Host
Pub Owners
SporcleCon
Opinionation
Our Games
Videos
Blog
Mobile Apps
Partnerships
Remove Ads and Go Orange
Feedback
Movies
Disney
Marvel Cinematic Universe
Movie Resume
Movie Titles
Oscar
Actor
Actress
Director
Pixar
Role
Movie Quotes
Movie Characters
Box Office
Nominee
Best Picture
Star Wars
James Bond
Horror Movies
Movies
Disney
Marvel Cinematic Universe
Movie Resume
Movie Titles
Oscar
Actor
Actress
Director
Pixar
Role
Movie Quotes
Movie Characters
Box Office
Nominee
Best Picture
Star Wars
James Bond
Horror Movies
Random Quiz
Search Sporcle
×
Quiz Lab
Quiz Lab
Movies
gone
Type in answers that appear in a list
Type in answers that appear in a list
Classic
Best Score? Go Orange.
Gone With The Wind Characters Stats
Can you name the Gone With The Wind Characters?
By
dharmalady
5m
26 Questions
1,450 Plays
1,450 Plays
1,450 Plays
Comments
Comments
Give Quiz Kudos
Give Quiz Kudos
-
- Ratings
hide this ad
Replay
Link that replays current quiz
Next Quiz
Link to next quiz in quiz playlist
You Got
0%
They Got
Avg Score
63%
Avg Friend Score
Upgrade to see
Score Distribution
Jump to the score distribution portion of the page
Score
0/26
Timer
05:00
0
Plays Today
Portayed By
Character
% Correct
Clark Gable
Rhett Butler
99.2%
Vivian Leigh
Scarlett O'Hara Hamilton Kennedy Butler
99%
Leslie Howard
Ashley Wilkes
97.6%
Olivia De Havilland
Melanie Hamilton Wilkes
95%
Hattie McDaniels
Mammy
89.9%
Butterfly McQueen
Prissy
81.7%
Thomas Mitchell
Gerald O'Hara
80.3%
Barbara O'Neill
Ellen O'Hara
74.3%
Evelyn Keyes
Suellen O'Hara
73%
Rand Brooks
Charles Hamilton
72.8%
Carroll Nye
Frank Kennedy
72.3%
Cammie King
Bonnie Blue Butler
66.3%
Alicia Rhett
India Wilkes
64.5%
Portayed By
Character
% Correct
Ona Munson
Belle Watling
61.2%
Oscar Polk
Pork
61.1%
Laura Hope Crews
Aunt Pittypat Hamilton
57%
George Reeves
Stuart Tarleton
56%
Fred Crane
Brent Tarleton
55.8%
Ann Rutherford
Carreen O'Hara
50.8%
Harry Davenport
Dr. Meade
49.9%
Everett Brown
Big Sam
48%
Leona Roberts
Mrs. Meade
41.9%
Victor Jory
Jonas Wilkerson
31.9%
Howard Hickman
John Wilkes
30.8%
Eddie Anderson
Uncle Peter
28.1%
Jane Darwell
Mrs. Merriweather
24.8%
Quiz Playlist
Details
Report
Send in Message
Add To Playlist
Classic:
Type in answers that appear in a list
Last Updated: Feb 16, 2017
Quiz Scoreboard
CHALLENGE
Sign Up to Join the Scoreboard
Show All
Scores
Hide
Comments
May contain spoilers
Recently Published
5x2 Blitz: Bands
by SL_Kpop136
Music
30s
Colored Red Africa Blitz
by spor1
Geography
30s
Find the 'City' Movie
by crazypaving
Movies
60s
More to Explore
Quiz From the Vault
Featured Blog Post
14 Easter Pick-up Lines to Find Eggs With
hide this ad
You Might Also Like...
Tags
Character
gone
Wind
Today's Top Quizzes in Movies
Browse Movies
hide this ad
Top Contributed Quizzes in Movies
1
Find The 'Big' Movie
2
Find The 'Blue' Movie
3
Find The 'Wild' Movie
4
Hidden Star Wars Character II
5
Pick 5 Posters: Directed by Spielberg
6
Hidden Star Wars Character III
7
Hidden Star Wars Character IV
8
Movies By Plot
9
Alfred Hitchcock Movies by Plot
10
Hidden Star Wars Character V
Explore More
Trending Topics
Kpop
Marvel
Harry Potter
Disney
Anime
Crossword
NBA
Puzzle
NFL
Country
Song
WWE
Pokémon
The Office
Soccer
hide this ad
More By:
dharmalady
Quiz
Plays
Rating
Category
Featured
Created
Days of Our Lives Families
3,635
2.50
Television
Nov 27, 2009
Tennessee Counties
1,557
5.00
Geography
Dec 26, 2009
Gone With The Wind Characters
1,450
4.50
Movies
Dec 6, 2009
Beatles Songs by lyrics
550
4.57
Music
Nov 23, 2009
M*A*S*H Characters
266
3.00
Television
Nov 28, 2009
Go to Creator's Profile
Score Distribution
Quiz Creator Spotlight
dharmalady
Follow
Send a Message
Quizzes Created
-
Created Quiz Play Count
-
More By This Creator
Popular Quizzes Today
1
Find the 'City' Movie
2
5x2 Blitz: Bands
3
Colored Red Africa Blitz
4
The Countries of the World
5
Find the US States - No Outlines Minefield
6
Find the US States
7
9x9 Crossword: Cartoon Network
8
US States
More Movies Quizzes
Thor: Ragnarok Character Click
Quiz Lab
Trending Quizzes
Colored Red Africa Blitz II
Colored Red Europe Blitz I
Colored Red Africa Blitz III
Colored Red Europe Blitz II
Colored Red Europe Blitz III
Recently Updated
Champions League XIs: Real Madrid
pecheneg
Largest US Cities 1790-2010
pecheneg
Rides in Walt Disney World
pecheneg
Most Oscar Losses (Acting)
pecheneg
Beyoncé Albums
pecheneg
Leaping Animals
pecheneg
Reality TV Shows (A-Z)
bhenderson79
Rickey Henderson's Hall of Fame Teammates
pecheneg
Champions League XIs: Arsenal
pecheneg
Quick Pick: Celebrities in WWE's Hall of Fame
aduchscher
Trending Topics
Harry Potter
NBA
Disney
Marvel
Crossword
Anime
Kpop
WWE
NFL
Puzzle
Song
The Office
Country
Soccer
Pokémon
Your Account Isn't Verified!
In order to create a playlist on Sporcle, you need to verify the email address you used during registration. Go to your
Sporcle Settings
to finish the process.
Report this User
Report this user for behavior that violates our
Community Guidelines
.
Details:
Send Report
Go to the Sporcle.com Mobile Site →
Comments